000 00498nam a2200181 4500
001 45340
090 _a45340
100 _a20251222 pory50
101 _apor
102 _aPT
200 _aSergei Eisenstein
_fStéphane Bouquet
210 _a[S.l.]
_cCahiers du Cinema
_cPrisa Innova , dist. Público
_d[cop. 2008]
215 _a93, [3]p.
_cil.
225 _aGrandes realizadores
_v23
600 _aEisesenstein,
_bSerguei
_crealizado de cinema
675 _a791.63
801 _aPT
_gRPC
990 _cLIVROS